000 00246nam a22000977a 4500
041 _aENG
245 _aI.P.S.C Civil Services Exam (Main ) General Studies 1979
260 _aDelhi
_bICAR
_c1995
650 _aCompetitive (47)
856 _uCompetitive (47)
999 _c3064
_d3064